000 00589nam a2200205 a 4500
001 000881516
003 AM-YeHGA
005 20250617145321.0
008 120403s1973 ||| r 000 0 rus d
040 _aAM-YeHGA
041 1 _arus
_hrom
100 1 _aМорау, Николае
245 1 0 _aНа берегу /
_cМорау Николае.
260 _aБухарест :
_bБ. и.,
_c1973.
300 _a46 с.
440 0 _aБ-ка "Румыния"
_v4
653 0 _aРумынская литература
700 1 _aБериндей, Т.
_eпер.
_4trl
090 _c311475
999 _c309760
_d309760